|
|
|
|
| LEADER |
00775nab a2200205 i 4500 |
| 001 |
misc55809 |
| 005 |
20221103103643.0 |
| 008 |
200508s1958 hu o 0|| rus d |
| 040 |
|
|
|a SZTE Miscellanea Repozitórium
|b hun
|
| 041 |
|
|
|a rus
|
| 100 |
1 |
|
|a Avrorin Valentin Aleksandrovič
|
| 245 |
1 |
0 |
|a Singarmonizm glasnyh v nanajskom âzyke
|h [elektronikus dokumentum] /
|c Avrorin Valentin Aleksandrovič
|
| 260 |
|
|
|a Izdatel'stvo Akademii Nauk SSSR
|b Moskva
|c 1958
|
| 300 |
|
|
|a 137-150
|
| 490 |
0 |
|
|a Doklady i soobŝeniâ Instituta âzykoznaniâ AN SSSR
|v 11
|
| 561 |
|
|
|a Németh Gyula hagyaték
|
| 650 |
|
4 |
|a Bölcsészettudományok
|
| 650 |
|
4 |
|a Nyelvek és irodalom
|
| 695 |
|
|
|a Nanaj nyelv - hangtan
|
| 856 |
4 |
0 |
|u http://misc.bibl.u-szeged.hu/55809/1/165_noa_a97.pdf
|z Dokumentum-elérés
|